Bekannte Persönlichkeiten aus Südtirol - Statistiken

Allgemein
  • Dieses Quiz wurde 19 mal gespielt
  • Das Durchschnittsergebnis liegt bei 5 aus 20
Antwortstatistiken
Geburtsjahr Geburtsort Hinweis Person % Korrekt
1944 Brixen Extrembergsteiger, bestieg als Erster alle Achttausender Reinhold Messner
89%
1969 Bruneck Moderator einer gleichnamigen Late Night-Talkshow im ZDF Markus Lanz
67%
1892 St. Ulrich in Gröden Schauspieler diverser Alpen-Heimatfilme Luis Trenker
50%
1767 St. Leonhard in Passeier Anführer des Tiroler Bauernaufstands Andreas Hofer
44%
2001 Innichen Tennis Grand-Slam-Sieger Jannik Sinner
39%
1990 Bruneck Biathlon-Weltmeisterin 2019, 2020, 2023 Dorothea Wierer
33%
1940 St. Ulrich in Gröden Musikproduzent, Schöpfer der Olympiahymne "Reach Out" Giorgio Moroder
33%
1960 Kastelruth Frontmann der Kastelruther Spatzen, der erfolgreichsten deutschsprachigen Schlagergruppe Norbert Rier
33%
1971 Bozen Sterne- und Fernsehkoch, Gastgeber von "First Dates" Roland Trettl
28%
1951 Stilfs Ski Alpin-Olympiasieger und Weltmeister 1972 Gustav Thöni
22%
1822 Partschins Erfinder der Schreibmaschine Peter Mitterhofer
11%
1973 Bozen Chefin der Deutschen Bahn AG Evelyn Palla
6%
1978 Eppan Schauspielerin ("Vorstadtweiber", "Das Tagebuch der Anne Frank") Gerti Drassl
6%
1975 Meran Musiker, der Volks- und klassische Musik kombiniert Herbert Pixner
6%
1974 Meran Rennrodel-Olympiasieger und Weltmeister Armin Zöggeler
0%
1969 Bozen Rodel-Olympiasiegerin 1994 Gerda Weißensteiner
0%
1956 Sand in Taufers Extrembergsteiger, der den Mt. Everest mit Skiern abfuhr Hans Kammerlander
0%
1957 Bozen Erste weibliche Moderatorin der italienischen Rai-Nachrichten und Politikerin Lilli Gruber
0%
1961 Ahrntal 3 Sterne- und 4 Haubenkoch Norbert Niederkofler
0%
1698 Welsberg-Taisten Barock-Maler, malte Deckenfresken im Stift Melk und im Brixner Dom Paul Troger
0%
Keine übereinstimmenden Quizze gefunden
Verteilung der Resultate
Anzahl Personen mit jedem Resultat
Perzentil nach korrekt beantworteten Fragen
Ihre Resultats-Entwicklung
Sie haben dieses Quiz noch nicht gespielt